[Event "Kottayam op"]
[Site "Kottayam"]
[Date "2025.05.05"]
[Round "8"]
[White "Mehar, Chinna Reddy CH"]
[Black "Arul, Prakash N"]
[Result "1-0"]
[WhiteElo "2418"]
[BlackElo "2063"]
[PlyCount "99"]
[EventDate "2025.04.30"]
[EventType "swiss"]
[EventRounds "10"]
[EventCountry "IND"]
[SourceTitle "CB19_2025"]
[SourceDate "2025.05.07"]
[SourceVersion "1"]
[SourceVersionDate "2025.05.07"]
[SourceQuality "1"]

1. e4 c5 2. Nc3 d6 3. d4 cxd4 4. Qxd4 Nc6 5. Qd2 Nf6 6. b3 g6 7. Bb2 Bg7 8. 0-0-0 0-0 9. f3 Qa5 10. Kb1 Be6 11. Nge2 Rfc8 12. g4 Nb4 13. a3 Nc6 14. h4 b5 15. Nd5 Bxd5 16. Qxa5 Nxa5 17. exd5 Rc7 18. g5 Nd7 19. Nd4 a6 20. f4 Nb6 21. Bg2 Rac8 22. Be4 Nb7 23. Rhe1 Nc5 24. Bf3 Bxd4 25. Bxd4 a5 26. Re2 a4 27. Kb2 Kf8 28. h5 axb3 29. cxb3 Kg8 30. Rh2 Nbd7 31. Bg4 Ra8 32. Rc2 Nf8 33. Be2 Rb8 34. b4 Na4+ 35. Kb3 Rxc2 36. Kxc2 Nb6 37. Bxb6 Rxb6 38. h6 f6 39. Kb3 fxg5 40. fxg5 Kf7 41. Rc1 Rb7 42. Bg4 Ke8 43. Be6 Nxe6 44. dxe6 Kd8 45. Rf1 d5 46. Rf8+ Kc7 47. Rf7 Kd6 48. Rxh7 Kxe6 49. Rh8 Kf7 50. Rd8 1-0

[Event "Wch U20 61st"]
[Site "Gandhinagar"]
[Date "2024.06.13"]
[Round "11"]
[White "Gubatayev, Ahmet"]
[Black "Arul, Prakash N"]
[Result "1/2-1/2"]
[WhiteElo "2055"]
[BlackElo "1907"]
[PlyCount "129"]
[EventDate "2024.06.02"]
[EventType "swiss"]
[EventRounds "11"]
[EventCountry "IND"]
[SourceTitle "CBM 220 Extra"]
[Source "ChessBase"]
[SourceDate "2024.07.31"]
[SourceVersion "1"]
[SourceVersionDate "2024.07.31"]
[SourceQuality "1"]

1. d4 Nf6 2. c4 e6 3. Nf3 c5 4. d5 exd5 5. cxd5 d6 6. Nc3 g6 7. g3 Bg7 8. Bg2 0-0 9. 0-0 Nbd7 10. h3 a6 11. a4 Rb8 12. Qd3 Qc7 13. Qc4 Nb6 14. Qa2 Bd7 15. Bg5 Nc8 16. Qc4 h6 17. Bxf6 Bxf6 18. g4 b5 19. axb5 axb5 20. Qf4 Bg7 21. g5 h5 22. Ne4 Bxb2 23. Nf6+ Kg7 24. Rab1 Be5 25. Nxe5 dxe5 26. Qg3 Nb6 27. f4 Nc4 28. Rbc1 Rfe8 29. Qc3 Re7 30. e4 Kh8 31. f5 Nd6 32. Qf3 Bxf5 33. exf5 Nxf5 34. Qd1 Nd6 35. Ne4 c4 36. Nxd6 Qxd6 37. Kh1 Qc5 38. Qb3 Rd8 39. Qb2 b4 40. Qf2 Qxf2 41. Rxf2 c3 42. Rf6 e4 43. d6 Re5 44. Rxf7 e3 45. Re7 Rxe7 46. dxe7 Re8 47. Kg1 Rxe7 48. Kf1 Rf7+ 49. Ke1 Rc7 50. Bd5 c2 51. Bb3 Rc3 52. Ba4 b3 53. Bxb3 Rxb3 54. Rxc2 Rb1+ 55. Ke2 Rh1 56. Kxe3 Rxh3+ 57. Kf4 Rh1 58. Rc8+ Kg7 59. Rc7+ Kg8 60. Rc8+ Kf7 61. Rc7+ Kf8 62. Rc8+ Ke7 63. Rc7+ Ke6 64. Rc6+ Kf7 65. Rc7+ 1/2-1/2

[Event "Wch U20 61st"]
[Site "Gandhinagar"]
[Date "2024.06.06"]
[Round "5"]
[White "Brugette, Romain"]
[Black "Arul, Prakash N"]
[Result "0-1"]
[WhiteElo "1655"]
[BlackElo "1907"]
[PlyCount "62"]
[EventDate "2024.06.02"]
[EventType "swiss"]
[EventRounds "11"]
[EventCountry "IND"]
[SourceTitle "CBM 220 Extra"]
[Source "ChessBase"]
[SourceDate "2024.07.31"]
[SourceVersion "1"]
[SourceVersionDate "2024.07.31"]
[SourceQuality "1"]

1. d4 Nf6 2. c4 e6 3. Nc3 Bb4 4. Qc2 b6 5. e4 c5 6. a3 Bxc3+ 7. bxc3 Bb7 8. Bd3 d6 9. Ne2 Nbd7 10. 0-0 Rc8 11. f3 cxd4 12. cxd4 d5 13. e5 Ng8 14. Qb3 dxc4 15. Bxc4 Ne7 16. Bd3 Bd5 17. Qd1 0-0 18. Ng3 Bc4 19. Ne4 Bxd3 20. Qxd3 Nxe5 21. Qe2 Qxd4+ 22. Be3 Qd3 23. Qf2 Rc2 24. Rfd1 Rxf2 25. Rxd3 Rxg2+ 26. Kxg2 Nxd3 27. Rg1 Nd5 28. Bd4 a5 29. Ba1 Ne3+ 30. Kh3 f5 31. f4 fxe4 0-1

[Event "Wch U20 61st"]
[Site "Gandhinagar"]
[Date "2024.06.03"]
[Round "2"]
[White "Jani Kushal, R."]
[Black "Arul, Prakash N"]
[Result "1-0"]
[WhiteElo "2192"]
[BlackElo "1907"]
[PlyCount "85"]
[EventDate "2024.06.02"]
[EventType "swiss"]
[EventRounds "11"]
[EventCountry "IND"]
[SourceTitle "CBM 220 Extra"]
[Source "ChessBase"]
[SourceDate "2024.07.31"]
[SourceVersion "1"]
[SourceVersionDate "2024.07.31"]
[SourceQuality "1"]

1. e4 c5 2. Nf3 d6 3. Bb5+ Nd7 4. c3 Ngf6 5. Qe2 a6 6. Ba4 b5 7. Bc2 Bb7 8. d4 g6 9. 0-0 Bg7 10. Rd1 cxd4 11. cxd4 0-0 12. a4 Qc7 13. Bd3 e5 14. d5 Nc5 15. axb5 Nb3 16. b6 Qc8 17. Be3 Nxa1 18. Rc1 Qe8 19. Nbd2 Bxd5 20. Rxa1 Bb7 21. Nc4 Qe7 22. Na5 d5 23. Nxb7 dxe4 24. Bxe4 Nxe4 25. Na5 Nc5 26. Rc1 Nd7 27. b7 Rae8 28. Qxa6 Qb4 29. b3 e4 30. Nd2 Kh8 31. Nc6 Qd6 32. Qb5 f5 33. Nc4 Qc7 34. Bd2 h6 35. g3 Re6 36. N4a5 g5 37. Nd4 Qb6 38. Qxd7 Rd6 39. Rc6 Qxa5 40. Qxd6 Qa1+ 41. Rc1 Qa7 42. Ne6 Rg8 43. Nxg7 1-0

[Event "IND-ch U09 op 32nd"]
[Site "Ranchi"]
[Date "2018.09.23"]
[Round "11.5"]
[White "Kshatriya, Nitin Vekhande"]
[Black "Arul, Prakash N"]
[Result "1-0"]
[WhiteElo "1574"]
[BlackElo "1377"]
[PlyCount "137"]
[EventDate "2018.09.15"]
[EventType "swiss"]
[EventRounds "11"]
[EventCountry "IND"]
[SourceTitle "EXT 2024"]
[Source "ChessBase"]
[SourceDate "2023.10.10"]
[SourceVersion "1"]
[SourceVersionDate "2023.10.10"]
[SourceQuality "1"]

1. e4 d5 2. exd5 Nf6 3. d4 Bg4 4. Be2 Bxe2 5. Qxe2 Qxd5 6. Nf3 Nc6 7. 0-0 0-0-0 8. Be3 e6 9. c4 Qh5 10. Nc3 h6 11. a3 Bd6 12. c5 Be7 13. b4 Nd5 14. Nxd5 Rxd5 15. Rfd1 Bf6 16. Qc4 Rhd8 17. Rd2 e5 18. Rad1 exd4 19. Bf4 Qf5 20. Bg3 Ne5 21. Nxe5 Bxe5 22. c6 Bxg3 23. hxg3 d3 24. cxb7+ Kxb7 25. Rc1 Qd7 26. a4 Qd6 27. b5 f5 28. a5 g6 29. Qb3 Qe5 30. a6+ Kb8 31. Qc4 Qd6 32. Qb3 Qb6 33. Rb1 R8d6 34. Qc3 Qd4 35. Qb3 Rb6 36. Re1 c5 37. Re8+ Kc7 38. Re7+ Kb8 39. Re8+ Kc7 40. Re3 c4 41. Qb4 Qc5 42. Qc3 Qxb5 43. Re7+ Rd7 44. Rxd7+ Kxd7 45. Qg7+ Kd8 46. Qf8+ Qe8 47. Qxh6 Rd6 48. Qf4 Qc6 49. Qg5+ Kc7 50. Qe7+ Kb6 51. Qe3+ Qc5 52. Rb2+ Kc6 53. Qe8+ Kd5 54. Rb5 Rxa6 55. Rxc5+ Kxc5 56. Qe5+ Kb4 57. Qb2+ Kc5 58. f3 Re6 59. Kf1 a5 60. Qa3+ Kd4 61. Qxa5 Rd6 62. f4 Re6 63. Kf2 Re2+ 64. Kf1 Re6 65. Qb4 Kd5 66. Qb5+ Kd4 67. Qd7+ Kc3 68. Qxe6 d2 69. Ke2 1-0